|
|
|
|
| LEADER |
00000nab a2200000 ar4500 |
| 001 |
vtls008414817 |
| 003 |
SK-MaSNL |
| 005 |
20260303070236.0 |
| 008 |
051206c2005 xo mr|p|||| |000 b|slo |
| 015 |
|
|
|a SNBRB2005/12
|
| 038 |
|
|
|a SPK
|
| 040 |
|
|
|a SPKCL
|b slo
|c AACR2
|e AACR2
|
| 041 |
0 |
|
|a slo
|
| 044 |
|
|
|a xo
|c SK
|
| 080 |
|
|
|a 37.017.924
|2 UDC-MRF-SK2
|
| 080 |
|
|
|a 159.954
|2 UDC-MRF-SK2
|
| 100 |
1 |
|
|a Kotrusová, Katarína
|4 aut
|9 1064828
|
| 245 |
1 |
0 |
|a Výchova človeka pre nové milénium
|b teória a prax tvorivo-humanistickej výchovy
|c Katarína Kotrusová
|
| 300 |
|
|
|b Obr.
|
| 650 |
0 |
7 |
|a výchova
|2 spk
|9 957
|
| 650 |
0 |
7 |
|a humanistická pedagogika
|2 spk
|9 68649
|
| 650 |
0 |
7 |
|a pedagogická psychológia
|2 spk
|9 58135
|
| 650 |
0 |
7 |
|a pedagogická prax
|2 spk
|9 4109
|
| 650 |
0 |
7 |
|a monografie
|2 snkbucl
|9 256509
|
| 655 |
|
7 |
|a recenzie
|2 snkbucl
|9 21907
|
| 773 |
0 |
|
|t Rodina a škola
|g Roč. 53, č. 9 (2005), s. 13
|x 0231-6463
|
| 787 |
0 |
8 |
|i Rec.:
|a Zelinová, Milota
|t Výchova človeka pre nové milénium : teória a prax tvorivo-humanistickej výchovy
|d Prešov : Rokus, 2004
|z 8089055486
|
| 852 |
|
|
|a SPK
|b KIS3GCP
|
| 958 |
|
|
|a RC
|
| 999 |
|
|
|c 1754518
|d 1756448
|